War Remains (Record no. 12793)

MARC details
000 -LEADER
fixed length control field 00792nam a2200121Ia 4500
008 - FIXED-LENGTH DATA ELEMENTS--GENERAL INFORMATION
fixed length control field 220615s9999||||xx |||||||||||||| ||und||
245 #0 - TITLE STATEMENT
Title War Remains
Remainder of title Mediations of Suffering and Death in the Era of the World Wars
546 ## - LANGUAGE NOTE
Language note English[eng]
650 ## - SUBJECT ADDED ENTRY--TOPICAL TERM
Topical term or geographic name entry element 1910s–1970s||interdisciplinary perspectives||mass death||suffering||war remains||cultural history of war||mediation||World War era||sensing war||cultural history||memory studies||human rights||media history||Journalism||Nazism||Sweden
700 ## - ADDED ENTRY--PERSONAL NAME
Personal name Cronqvist, Marie||Sturfelt, Lina
856 ## - ELECTRONIC LOCATION AND ACCESS
Uniform Resource Identifier <a href="https://library.oapen.org/bitstream/20.500.12657/29476/1/war-remains.pdf||https://library.oapen.org/bitstream/20.500.12657/29476/1/war-remains.pdf||https://library.oapen.org/bitstream/20.500.12657/29476/1/war-remains.pdf">https://library.oapen.org/bitstream/20.500.12657/29476/1/war-remains.pdf||https://library.oapen.org/bitstream/20.500.12657/29476/1/war-remains.pdf||https://library.oapen.org/bitstream/20.500.12657/29476/1/war-remains.pdf</a>
942 ## - ADDED ENTRY ELEMENTS (KOHA)
Koha item type E-Books
Holdings
Withdrawn status Lost status Damaged status Not for loan Home library Current library Date acquired Total Checkouts Date last seen Price effective from Koha item type
        Kerala University of Digital Sciences, Innovation and Technology Knowledge Centre Kerala University of Digital Sciences, Innovation and Technology Knowledge Centre 15/06/2022   15/06/2022 15/06/2022 E-Books